| 000 | 00496nam a2200157Ia 4500 | ||
|---|---|---|---|
| 008 | 170221s9999 xx 000 0 und d | ||
| 100 | _aDmitry Strovsky | ||
| 245 | 4 | _aThe Russian Media Coverage of the ‘Ukrainian Issue’: the Priorities of Informing | |
| 245 | _cDmitry Strovsky | ||
| 260 | _bStudies in Media and Communication | ||
| 260 | _c2012 | ||
| 300 | _a4 : | ||
| 650 | _xCommunication | ||
| 650 | _xMedia Arts | ||
| 856 | _uhttp://redfame.com/journal/index.php/smc/issue/view/31 | ||
| 999 |
_c309034 _d309034 |
||